000 00897cam a22002411 4500
001 ca 35000592
003 DLC
005 20260227111138.0
008 761216s1930 nyuabch 000 0 eng
010 _aca 35000592
035 _a(OCoLC)2626488
040 _aDLC
_cNOsU
_dDLC
042 _apremarc
050 0 0 _aD511
_b.F23 1930a
100 1 _aFay, Sidney Bradshaw,
_d1876-1967.
245 1 4 _aThe origins of the world war,
_cby Sidney Bradshaw Fay.
260 _aNew York,
_bThe Macmillan company,
_c1930.
300 _a2 v.
_bfronts., illus. (incl. maps) ports., facsims.
_c23 cm.
500 _a"Published October, 1928. Reissued ... [v. 1] July, 1930 [v. 2, May, 1930]"
505 0 _aI. Before Sarajevo: underlying causes of the war.--II. After Sarajevo: immediate causes of the war.
650 0 _aWorld War, 1914-1918
_xCauses.
651 0 _aEurope
_xPolitics and government
_y1871-1918.
999 _c17847
_d17847